| 000 | 00681cab a2200217 4500 | ||
|---|---|---|---|
| 001 | ABS38388 | ||
| 008 | 090401t1987 xxu||||| |||| 00| 0 eng d | ||
| 035 | _a(Sirsi) u10227 | ||
| 041 | _aeng | ||
| 100 | _aSpring, M. | ||
| 245 | _aDoubling up for 2004 Tarmac raises the roof | ||
| 260 | _c1987 | ||
| 350 | _a0 | ||
| 490 |
_aBuilding _v252(47) 20 November 1987, 45-49(5) |
||
| 520 | _aTwo articles describing the plans to expand Birmingham `s National Exhibition Centre and the work currently being carried out. Photos. | ||
| 650 | _aBUILDING PROJECTS | ||
| 650 | _aEXHIBITION CENTRES | ||
| 690 | _aBUILDING AND CONSTRUCTION-PROJECTS | ||
| 942 | _n0 | ||
| 948 | _c04/03/1997 | ||
| 999 |
_c6428 _d6428 |
||